000 00498nam a22001817a 4500
003 CEME
005 20210628202659.0
008 210125b xxu||||| |||| 00| 0 eng d
020 _a81-297-0199-5
040 _c.
082 _a620.5 RAT
100 _aRatner, Mark Ratner, Daniel
_918988
245 _aNanotechnology a gentle introduction to the next big idea
260 _aNEW DELHI
_bPEARSON EDUCATION ASIA
_c2003
300 _aXIV,188 P
650 _aNANOTECHNOLOGY
_92826
942 _cBK
_2ddc
999 _c570616
_d570616